Pick out the FAKE: Entertainers - Statistics

General Stats
  • This quiz has been taken 11 times
  • The average score is 7 of 15
Answer Stats
Question Answer % Correct
Hollywood actors Jackie Shroff
100%
French actresses Penélope Cruz
100%
Husband of Elizabeth Taylor Roy O. Disney
100%
Stand-up comedians Stephen Baldwin
78%
Movie directors Rachel Bilson
67%
Born in India Krishna Bhanji
44%
Irish entertainers Conan O'Brien
33%
BAFTA winners Minnie Driver
33%
In the Beatles in 1961 Ringo Starr
33%
Born in Belgium Katherine Heigl
22%
A member of Metallica ever Kiko Loureiro
22%
Born in Germany Sandra Bullock
22%
Charley Chaplin's child or grandchild Hannah Harriet Chaplin
11%
Born in Hong Kong John Woo
11%
A member of System of a Down ever Sevana Tchakerian
11%
No matching quizzes found
Score Distribution
Percent of People with Each Score
Percentile by Number Answered
Your Score History
You have not taken this quiz